Ultimate Harry Potter Character Slideshow Quiz Stats

Quiz Updated May 11, 2015

Challenge
Share
Tweet
Score 0/56 Timer 15:00
7 Plays Today
% Correct
Harry Potter
99.9%
Ron Weasley
99.3%
Hermione Granger
98.7%
Draco Malfoy
98.4%
Professor Dumbledore
97.8%
Professor Snape
97.6%
Lord Voldemort
97%
Ginny Weasley
96.9%
Rubeus Hagrid
96.7%
Dobby
96.3%
Fred Weasley
96.2%
George Weasley
96.1%
Sirius Black
95.6%
Neville Longbottom
95.5%
Lucius Malfoy
94.7%
Luna Lovegood
94.5%
Professor McGonagall
93.2%
Molly Weasley
92.9%
Professor Lupin
92.6%
Bellatrix Lestrange
92.1%
Arthur Weasley
91.5%
Alastor Moody
90.8%
Moaning Myrtle
90.2%
Cho Chang
89.7%
Vernon Dursley
89%
Nearly Headless Nick
88.7%
Hedwig
88.5%
Dudley Dursley
87.5%
% Correct
Peter Pettigrew
86.4%
Nagini
86.3%
Professor Lockhart
86.2%
Cedric Diggory
85.8%
Viktor Krum
85.7%
Argus Filch
85.6%
Fleur Delacour
85.4%
Gregory Goyle
85.4%
Vincent Crabbe
84.4%
Kreacher
84.3%
Professor Umbridge
84%
Rita Skeeter
83.1%
Seamus Finnigan
83.1%
Buckbeak
82.5%
Professor Quirrell
82.4%
Crookshanks
80.4%
Xenophilius Lovegood
78.6%
Professor Trelawney
78.6%
Professor Flitwick
78.4%
Kingsley Shacklebolt
77.6%
Professor Sprout
76.1%
Dean Thomas
75.1%
Professor Slughorn
74.6%
Madam Hooch
73.5%
Mr. Ollivander
71.5%
Grawp
66.3%
Bathilda Bagshot
61.8%
Rufus Scrimgeour
58.8%

You're not logged in!

Compare scores with friends on all Sporcle quizzes.
Sign Up with Email
OR
Log In

You Might Also Like...

Show Comments

Extras

Top Quizzes Today


Score Distribution

Your Account Isn't Verified!

In order to create a playlist on Sporcle, you need to verify the email address you used during registration. Go to your Sporcle Settings to finish the process.

Report this User

Report this user for behavior that violates our Community Guidelines.

Details: